|
|
|
|
| LEADER |
00000nam a2200000 a 4500 |
| 001 |
vtls001283041 |
| 003 |
SK-MaSNL |
| 005 |
20260301195559.0 |
| 008 |
240314s1985 xx 0 und |
| 035 |
|
|
|a SNK000234496
|
| 040 |
|
|
|a SNK
|b slo
|c SNK
|e AACR2
|
| 100 |
1 |
|
|a Höppnerová, Věra,
|d 1937-
|4 aut
|9 246651
|
| 245 |
1 |
0 |
|a Němčina pro jazykové školy 2
|
| 260 |
|
|
|a Praha
|b Státní pedagogické nakladatelství
|c 1985
|
| 300 |
|
|
|a 351 s.
|
| 958 |
|
|
|a OND
|
| 999 |
|
|
|c 886423
|d 888353
|
| 952 |
|
|
|t P60, <04>, [BOOK], {604}
|a SNK
|b SNK
|y VYP
|7 0
|p 17A0058668
|o snkIC 86510/2 D1
|0 0
|1 1
|4 0
|d 1997-04-10
|l 0
|r 2005-01-02 00:00:00
|w 2026-02-24
|